<?xml version="1.0" encoding="UTF-8"?><?xml-stylesheet type="text/xsl" href="static/style.xsl"?><OAI-PMH xmlns="http://www.openarchives.org/OAI/2.0/" xmlns:xsi="http://www.w3.org/2001/XMLSchema-instance" xsi:schemaLocation="http://www.openarchives.org/OAI/2.0/ http://www.openarchives.org/OAI/2.0/OAI-PMH.xsd"><responseDate>2026-04-17T04:09:46Z</responseDate><request verb="GetRecord" identifier="oai:www.recercat.cat:10459.1/69826" metadataPrefix="marc">https://recercat.cat/oai/request</request><GetRecord><record><header><identifier>oai:recercat.cat:10459.1/69826</identifier><datestamp>2024-12-05T22:01:27Z</datestamp><setSpec>com_2072_3622</setSpec><setSpec>col_2072_479130</setSpec></header><metadata><record xmlns="http://www.loc.gov/MARC21/slim" xmlns:dcterms="http://purl.org/dc/terms/" xmlns:xsi="http://www.w3.org/2001/XMLSchema-instance" xmlns:doc="http://www.lyncode.com/xoai" xsi:schemaLocation="http://www.loc.gov/MARC21/slim http://www.loc.gov/standards/marcxml/schema/MARC21slim.xsd">
   <leader>00925njm 22002777a 4500</leader>
   <datafield ind2=" " ind1=" " tag="042">
      <subfield code="a">dc</subfield>
   </datafield>
   <datafield ind2=" " ind1=" " tag="720">
      <subfield code="a">García Ispierto, Irina</subfield>
      <subfield code="e">author</subfield>
   </datafield>
   <datafield ind2=" " ind1=" " tag="720">
      <subfield code="a">López Gatius, Fernando</subfield>
      <subfield code="e">author</subfield>
   </datafield>
   <datafield ind2=" " ind1=" " tag="260">
      <subfield code="c">2020-11-10T09:59:23Z</subfield>
   </datafield>
   <datafield ind2=" " ind1=" " tag="260">
      <subfield code="c">2020-11-10T09:59:23Z</subfield>
   </datafield>
   <datafield ind2=" " ind1=" " tag="260">
      <subfield code="c">2020-05-30</subfield>
   </datafield>
   <datafield ind2=" " ind1=" " tag="260">
      <subfield code="c">2020-11-10T09:59:23Z</subfield>
   </datafield>
   <datafield ind2=" " ind1=" " tag="520">
      <subfield code="a">We examined the effects of a single or 2.5-fold dose of dephereline [a gonadotropin-releasing hormone (GnRH) analogue] as well as the drainage of the smaller follicle at the time of insemination on ovulation in dairy cows with two follicles of pre-ovulatory size in the same ovary. The three study groups included 220 monovular cows (control), 110 non-drained cows with two follicles, and 110 cows with two follicles, of which one was drained. In each group, cows treated with a single dose or 2.5-fold dose of dephereline showed similar results following treatment. Ovulation failure of the non-drained follicle occurred in 29.1% of the drained cows, whereas ovulation occurred in 96% of the non-drained and control cows. Twin pregnancy was recorded in 19.4% of the pregnant non-drained cows with two follicles. In conclusion, the increased dephereline dose did not improve the ovulation rate in any group. Follicular drainage, however, prevented twin pregnancy in cows with two follicles, but also resulted in an increase in the non-drained follicle's rate of ovulation failure.</subfield>
   </datafield>
   <datafield ind2=" " ind1=" " tag="520">
      <subfield code="a">This study received financial support from the&#xd;
project ‘01.02.01 de Transferència Tecnològica del Programa de&#xd;
desenvolupament rural de Catalunya 2014-2020’ (Number 19005).</subfield>
   </datafield>
   <datafield ind1="8" ind2=" " tag="024">
      <subfield code="a">http://hdl.handle.net/10459.1/69826</subfield>
   </datafield>
   <datafield tag="653" ind2=" " ind1=" ">
      <subfield code="a">Double ovulation</subfield>
   </datafield>
   <datafield tag="653" ind2=" " ind1=" ">
      <subfield code="a">Follicular co-dominance</subfield>
   </datafield>
   <datafield tag="653" ind2=" " ind1=" ">
      <subfield code="a">Heat stress</subfield>
   </datafield>
   <datafield ind2="0" ind1="0" tag="245">
      <subfield code="a">Effects of twin pregnancy prevention strategies such as GnRH dose and drainage of the smaller follicle on ovulation in dairy cows with two follicles of pre-ovulatory size in the same ovary</subfield>
   </datafield>
</record></metadata></record></GetRecord></OAI-PMH>